Word Ladder - 4 elements - Statistics

General Stats
  • This quiz has been taken 50 times
  • The average score is 18 of 25
Answer Stats
Hint Answer % Correct
Water Water
97%
After Later
90%
Wind Wind
82%
A type of coin Dime
79%
Fire Fire
79%
To eat dinner Dine
77%
A way of measuring how longevents last Time
77%
A drink Wine
77%
A part of a bird Wing
77%
The last word in present tense Ring
74%
A part of a car Tire
74%
Sleepy Tired
74%
Earth Earth
72%
You don't have a job anymore Fired
72%
Ring in past tense Rang
72%
What your ear does Hear
69%
A vital organ Heart
69%
Far into the day Late
69%
A body part on your face Ear
67%
Long away Far
67%
A type of tree Fir
67%
A fire Hearth
59%
Anger Rage
59%
Distance Range
59%
To give an opinion on something Rate
54%
No matching quizzes found
Score Distribution
Percent of People with Each Score
Percentile by Number Answered
Your Score History
You have not taken this quiz